Practical toxicology: Evalution, prediction, and risk (Record no. 395108)

MARC details
000 -LEADER
fixed length control field 00609 a2200229 4500
005 - DATE & TIME
control field 20260415113657.0
008 - FIXED-LENGTH DATA ELEMENTS--GENERAL INFORMATION
fixed length control field 260415b |||||||| |||| 00| 0 eng d
020 ## - ISBN
International Standard Book Number 9781498709286
Price £ 83.99
040 ## - CATALOGING SOURCE
Original cataloging agency VIVEKANANDA LIBRARY
082 ## - DDC NUMBER
Classification number 615.907
Book Number W885P(3)
100 ## - MAIN ENTRY--PERSONAL NAME
Personal name Woolley, David
245 ## - TITLE STATEMENT
Title Practical toxicology: Evalution, prediction, and risk
250 ## - EDITION STATEMENT
Edition statement 3rd
260 ## - PUBLICATION, DISTRIBUTION, ETC. (IMPRINT)
Name of publisher, distributor, etc CRC Press
Place of publication, distribution, etc Boca Raton
Date of publication, distribution, etc 2019
300 ## - PHYSICAL DESCRIPTION
Pages xxiii, 528
650 ## - Subject
Subject Toxicity Texts
650 ## - Subject
Subject Toxicology- Methods
650 ## - Subject
Subject Data Interpretion
650 ## - Subject
Subject Risk Assessment
700 ## - Added Entry Personal Name
Added Entry Personal Name Woolley, Adam
942 ## - ADDED ENTRY ELEMENTS (KOHA)
Koha item type Books
Holdings
Withdrawn status Lost status Source of classification or shelving scheme Damaged status Not for loan Location (home branch) Sublocation or collection (holding branch) Shelving location Date acquired Koha issues (times borrowed) Koha full call number Accession No. Koha date last seen Koha item type
    Dewey Decimal Classification     VIVEKANANDA LIBRARY VIVEKANANDA LIBRARY Vivekananda Library 13/03/2026   615.907 W885P(3) 438769 13/03/2026 Books
© Designed and Maintained by Vivekananda Library, MDU Rohtak